[Event "2020 Gustafson Memorial, S02086"]
[Site "CCLA"]
[Date "2020.10.24"]
[Round "?"]
[White "Ishler, Mark P."]
[Black "Gunning, Edward E."]
[Result "1-0"]
[WhiteElo "1661"]
[BlackElo "1469"]

1. e4 c5 2. Nf3 e6 3. d4 Nf6 4. e5 Nd5 5. c4 Nb6 6. d5 d6 7. Nc3 exd5 8. 
cxd5 Be7 9. exd6 Bxd6 10. Bd3 c4 11. Qe2+ Be7 12. Bxc4 O-O 13. O-O N8d7 
14. Bb3 Nc5 15. Bc2 Nxd5 16. Nxd5 Qxd5 17. Qxe7 Be6 18. Qh4 Nd3 19. Rd1 
Bf5 20. Bxd3 Bxd3 21. Be3 Rfd8 22. Rd2 Qb5 23. Rad1 f6 24. Ne1 g5 25. Qg3 
Rd5 26. Rxd3 Rad8 27. Rxd5 Rxd5 28. Rxd5 Qxd5 29. Qf3 Qxa2 30. Qxf6 Qb1 
31. Kf1 Qg6 32. Qxg6+ 1-0

[Event "2020 Gustafson Memorial, S02086"]
[Site "CCLA"]
[Date "2020.10.24"]
[Round "?"]
[White "Gunning, Edward E."]
[Black "Greco, Tom"]
[Result "0-1"]
[WhiteElo "1469"]
[BlackElo "1719"]

1. d4 Nf6 2. Nc3 d5 3. Bg5 Nc6 4. Bxf6 exf6 5. e3 Bb4 6. Ne2 O-O 7. a3 Ba5
8. b4 Bb6 9. Nf4 Ne7 10. Bd3 c6 11. Qh5 g6 12. Qf3 Re8 13. O-O Qd6 14. Nh5
gxh5 15. Qxh5 f5 16. f4 Qg6 17. Qh4 Qe6 18. Rf3 Ng6 19. Qh5 f6 20. Rh3 Re7
21. Ne2 Bc7 22. Rf1 Bd7 23. Rff3 Rg7 24. Ng3 Ne7 25. Qh6 Qf7 26. Nh5 Rg6 
27. Rfg3 Kh8 28. Rxg6 Qxg6 29. Qxg6 Nxg6 30. Nxf6 Nf8 31. Nxd7 Nxd7 32. 
Bxf5 Nf6 33. g4 Rg8 34. g5 Rg7 35. Rh6 Ng8 36. Re6 Rf7 37. Bg4 Re7 38. 
Rxe7 Nxe7 39. f5 h6 40. f6 Ng6 41. Bh5 Kh7 42. f7 Bd6 43. gxh6 Kxh6 44. 
Bg4 Kg7 45. Bc8 b6 46. Bd7 c5 47. Be6 Ne7 48. c3 cxb4 49. cxb4 a5 50. bxa5
bxa5 51. a4 Bc7 52. Kg2 Ng6 53. Bxd5 Nh8 54. h4 Nxf7 55. Bxf7 Kxf7 56. Kf3
Kf6 57. e4 Bb6 58. d5 Bd4 59. Kg4 Be5 60. h5 Bd6 61. Kh4 Be7 62. h6 Bd6 
63. Kh5 Be5 64. h7 Kg7 65. Kg5 Kxh7 66. Kf5 Bg3 67. e5 Kg7 68. d6 Kf8 69. 
d7 Ke7 70. d8=Q+ Kxd8 71. Kf6 Kc7 72. e6 Bd6 73. Kf5 Kc6 74. Ke4 Kc5 75. 
Kd3 Kb4 76. Kd4 Kxa4 77. Kc3 Kb5 78. Kb2 a4 79. Kc3 Kc5 80. Kb2 Kc4 81. 
Ka2 Kc3 82. Ka1 Kb3 83. Kb1 Be7 84. Ka1 a3 85. Kb1 a2+ 0-1

[Event "2020 Gustafson Memorial, S02086"]
[Site "CCLA"]
[Date "2020.10.24"]
[Round "?"]
[White "Gunning, Edward E."]
[Black "Wright, Jason"]
[Result "0-1"]
[WhiteElo "1469"]
[BlackElo "1653"]

1. e4 d5 2. d4 dxe4 3. Nc3 e5 4. d5 Bb4 5. Bd2 Nf6 6. a3 Bxc3 7. Bxc3 O-O 
8. Bc4 Nbd7 9. d6 Nb6 10. Bb3 cxd6 11. Bb4 Bg4 12. f3 exf3 13. gxf3 Be6 
14. Bxe6 fxe6 15. Bxd6 Nh5 16. Bc5 Qh4+ 17. Bf2 Qf6 18. Bg3 Rad8 19. Qe2 
Qh6 20. Bxe5 Nf4 21. Bxf4 Rxf4 22. Rd1 Rxd1+ 23. Qxd1 Nd5 24. Qe2 Rf8 25. 
Qd2 Qf6 26. c3 Nf4 27. h3 Rd8 28. Qc2 Qe5+ 29. Ne2 Nxe2 30. Qxe2 Qg5 31. 
Kf1 Kh8 32. Rg1 Qf4 33. Rg4 Qc1+ 34. Kf2 Rd2 35. Rd4 Rxe2+ 36. Kxe2 Qxb2+ 
37. Rd2 Qb6 38. Rd7 Kg8 0-1

[Event "2020 Gustafson Memorial, S02086"]
[Site "CCLA"]
[Date "2020.10.24"]
[Round "?"]
[White "Gunning, Edward E."]
[Black "Ishler, Mark P."]
[Result "0-1"]
[WhiteElo "1469"]
[BlackElo "1661"]

1. d4 Nf6 2. e3 e6 3. Nf3 b6 4. Nc3 Bb7 5. Bd3 Bb4 6. Bd2 O-O 7. O-O d6 8.
 a3 Bxc3 9. Bxc3 c5 10. dxc5 bxc5 11. Qe2 d5 12. b3 Nbd7 13. Be5 Nxe5 14. 
Nxe5 Qd6 15. f4 Rac8 16. Rfd1 Nd7 17. Qh5 f5 18. g4 Nxe5 19. fxe5 Qxe5 20.
 Rf1 Qxe3+ 21. Rf2 g6 22. Qh4 fxg4 23. Rf1 Rxf2 24. Qxf2 Qxf2+ 25. Rxf2 
Kg7 26. c4 Rf8 27. Rb2 a5 28. Re2 dxc4 29. Bxc4 Bd5 30. Rc2 Rf5 31. Bxd5 
Rxd5 32. Kg2 Kf6 33. Rc3 Ke5 34. Kg3 h5 35. Re3+ Kf5 36. h3 gxh3 37. Kxh3 
e5 38. Rf3+ Ke4 39. Rf6 Rd3+ 40. Kh4 Rxb3 41. Rxg6 Rxa3 42. Kxh5 Kd4 43. 
Rd6+ Kc4 44. Kg4 Rd3 45. Re6 a4 46. Rxe5 Kb4 47. Kf4 a3 48. Re6 a2 49. 
Rb6+ Kc3 50. Ra6 Kb2 51. Rb6+ Rb3 0-1

[Event "2020 Gustafson Memorial, S02087"]
[Site "CCLA"]
[Date "2020.10.24"]
[Round "?"]
[White "Burrus, Michael"]
[Black "Nurmi, Ronald"]
[Result "1-0"]
[WhiteElo "1580"]
[BlackElo "1395"]

1. e4 c6 2. d4 d5 3. Nc3 dxe4 4. Nxe4 Bf5 5. Ng3 Bg6 6. Nf3 Nd7 7. h4 h6 
8. h5 Bh7 9. Bd3 Bxd3 10. Qxd3 e6 11. Bf4 Qa5+ 12. c3 Ngf6 13. Nd2 Nd5 14.
 Be3 Be7 15. Nc4 Qc7 16. Bd2 N7f6 17. Ne5 O-O 18. O-O-O Bd6 19. Qe2 Rad8 
20. f4 b5 21. Qf3 c5 22. Kb1 cxd4 23. cxd4 Qb6 24. Ne2 a5 25. g4 Nh7 26. 
g5 f5 27. gxh6 Bxe5 28. fxe5 Rf7 29. Rhg1 b4 30. Rxg7+ 1-0

[Event "2020 Gustafson Memorial, S02087"]
[Site "CCLA"]
[Date "2020.10.24"]
[Round "?"]
[White "Burrus, Michael"]
[Black "Sanchez, David A."]
[Result "1-0"]
[WhiteElo "1580"]
[BlackElo "1453"]

1. e4 c6 2. d4 d5 3. Nc3 dxe4 4. Nxe4 Nd7 5. Ng5 Ngf6 6. Bd3 e6 7. N1f3 
Bd6 8. Qe2 h6 9. Ne4 Nxe4 10. Qxe4 Qc7 11. Bd2 Nf6 12. Qe2 b6 13. g3 Bb7 
14. O-O-O O-O-O 15. Rhe1 g5 16. h3 c5 17. dxc5 Bxc5 18. Bc3 Be7 19. Ne5 
Bd6 20. Nxf7 Qxf7 21. Qxe6+ Qxe6 22. Rxe6 1-0

[Event "2020 Gustafson Memorial, S02087"]
[Site "CCLA"]
[Date "2020.10.24"]
[Round "?"]
[White "Burrus, Michael"]
[Black "Acebo, Brian"]
[Result "1-0"]
[WhiteElo "1580"]
[BlackElo "1402"]

1. e4 c5 2. Nf3 d6 3. d4 cxd4 4. Nxd4 Nf6 5. Nc3 a6 6. Be3 g6 7. f3 Bg7 8.
 Bc4 O-O 9. Bb3 e6 10. Qd2 b5 11. O-O-O Bb7 12. Bxe6 fxe6 13. Nxe6 Qd7 14.
 Nxf8 Bxf8 15. Bg5 Ne8 16. Nd5 Nc6 17. Nb6 1-0

[Event "2020 Gustafson Memorial, S02087"]
[Site "CCLA"]
[Date "2020.10.24"]
[Round "?"]
[White "Nurmi, Ronald"]
[Black "Burrus, Michael"]
[Result "0-1"]
[WhiteElo "1395"]
[BlackElo "1580"]

1. d4 d5 2. Bf4 Nf6 3. e3 g6 4. h4 Bg7 5. Nc3 c6 6. Nf3 Bg4 7. Be2 Nbd7 8.
 Ne5 Bxe2 9. Qxe2 Nh5 10. Bh2 Nxe5 11. Bxe5 Bxe5 12. dxe5 Qc7 13. f4 Ng3 
14. Qf3 Nxh1 15. O-O-O O-O-O 16. g4 h5 17. Rxh1 hxg4 18. Qxg4+ Qd7 19. Qg3
Rh5 20. Ne2 Rdh8 21. Ng1 d4 22. exd4 Qd5 23. Rh2 Qxa2 24. c3 Rd8 25. Qf2 
c5 26. Nf3 cxd4 27. Nxd4 Rd5 28. Qe2 Kb8 29. Qc2 Rh8 30. Kd2 Rc8 31. Rh3 
Rxd4+ 0-1

[Event "2020 Gustafson Memorial, S02087"]
[Site "CCLA"]
[Date "2020.10.24"]
[Round "?"]
[White "Sanchez, David A."]
[Black "Burrus, Michael"]
[Result "0-1"]
[WhiteElo "1453"]
[BlackElo "1580"]

1. d4 d5 2. c4 e6 3. Nf3 Nf6 4. g3 Nbd7 5. Bg2 Bb4+ 6. Bd2 Bxd2+ 7. Nbxd2 
c6 8. O-O O-O 9. Re1 Re8 10. e4 dxe4 11. Nxe4 Nxe4 12. Rxe4 Nf6 13. Rh4 
Nd7 14. Qd3 h6 15. Rd1 Qc7 16. g4 e5 17. Nxe5 Nxe5 18. dxe5 Qxe5 19. Kf1 
Be6 20. Qd2 Bxc4+ 21. Kg1 Qg5 22. Qxg5 hxg5 23. Rh3 Rad8 0-1

[Event "2020 Gustafson Memorial, S02087"]
[Site "CCLA"]
[Date "2020.10.24"]
[Round "?"]
[White "Acebo, Brian"]
[Black "Burrus, Michael"]
[Result "0-1"]
[WhiteElo "1402"]
[BlackElo "1580"]

1. e4 e6 2. d4 d5 3. Nc3 Nf6 4. e5 Nfd7 5. Nf3 a6 6. Bd3 c5 7. dxc5 Bxc5 
8. O-O Nc6 9. Bf4 O-O 10. Re1 Qb6 11. Rb1 Bxf2+ 12. Kh1 Bxe1 13. Qxe1 Re8 
14. b3 Nf8 15. Be3 Qc7 16. Bf4 Ne7 17. Qd2 Neg6 18. Bg3 Bd7 19. a4 Bc6 20.
 Rf1 Qe7 21. Qf2 Nd7 22. Bxg6 hxg6 23. Bh4 Qc5 24. Qd2 Rac8 25. Bg3 d4 26.
 Nxd4 Bxg2+ 27. Kxg2 Qxc3 28. Qxc3 Rxc3 29. Rf2 Nb6 30. Re2 Nd5 31. Kf2 
Rec8 32. Ke1 Ne7 33. Kd1 Nf5 34. Bf2 Rh3 35. Nxf5 gxf5 36. Bd4 Rd8 37. c3 
Rxc3 38. Rd2 Rxb3 0-1

[Event "2020 Gustafson Memorial, S02087"]
[Site "CCLA"]
[Date "2020.10.24"]
[Round "?"]
[White "Nurmi, Ronald"]
[Black "Sanchez, David A."]
[Result "0-1"]
[WhiteElo "1395"]
[BlackElo "1453"]

1. d4 d5 2. c4 c6 3. Nf3 Nf6 4. Nc3 e6 5. Bg5 h6 6. Bh4 dxc4 7. e4 g5 8. 
Bg3 b5 9. Be2 Bb4 10. Qc2 Nbd7 11. O-O O-O 12. h3 c5 13. a3 Bxc3 14. bxc3 
Bb7 15. Bd6 Bxe4 16. Qb2 Re8 17. Qxb5 cxd4 18. cxd4 Nb6 19. Be5 Nfd5 20. 
Nd2 Nc3 0-1

[Event "2020 Gustafson Memorial, S02087"]
[Site "CCLA"]
[Date "2020.10.24"]
[Round "?"]
[White "Nurmi, Ronald"]
[Black "Acebo, Brian"]
[Result "1/2-1/2"]
[WhiteElo "1395"]
[BlackElo "1402"]

1. d4 d5 2. Bf4 e6 3. e3 Bd6 4. Bxd6 Qxd6 5. Qg4 g6 6. Nd2 Nd7 7. Qg3 Qb6 
8. Rb1 Ngf6 9. Ngf3 O-O 10. Bd3 c5 11. c3 cxd4 12. Nxd4 Nc5 13. Bc2 Re8 
14. O-O e5 15. Ne2 e4 16. b3 Ne6 17. f4 exf3 18. Rxf3 Qc6 19. Rxf6 b6 20. 
Rbf1 Qd7 21. R6f2 Re7 22. c4 dxc4 23. Nxc4 Bb7 24. Nd6 Rf8 25. Nxb7 Qxb7 
26. Nf4 Nd8 27. Bd3 Rfe8 28. Re1 Nc6 29. Rfe2 Nb4 30. Bb1 Nd5 31. Nxd5 
Qxd5 32. Qf3 Qd6 33. g3 Kg7 34. Kf2 Re5 35. Bc2 R5e6 36. Kg2 Rf6 37. Qg4 
Qc6+ 38. Kg1 Re5 39. Qd4 Rd5 40. Qe4 Re6 41. Qg2 Qd7 42. Qf3 Rde5 43. e4 
Qd4+ 44. Qf2 Qd7 1/2-1/2

[Event "2020 Gustafson Memorial, S02087"]
[Site "CCLA"]
[Date "2020.10.24"]
[Round "?"]
[White "Sanchez, David A."]
[Black "Nurmi, Ronald"]
[Result "0-1"]
[WhiteElo "1453"]
[BlackElo "1395"]

1. d4 d5 2. c4 e6 3. Nf3 Nf6 4. g3 Bb4+ 5. Nbd2 dxc4 6. Qc2 b5 7. Bg2 Bb7 
8. O-O O-O 9. e4 Nc6 10. e5 Nd5 11. h4 Nde7 12. Ng5 g6 13. h5 Nxd4 14. Qd1
Bxg2 15. Kxg2 Nef5 16. Nde4 Be7 17. Rh1 Qd5 18. hxg6 Bxg5 19. gxh7+ Kh8 
20. Bxg5 Qxe4+ 21. f3 Qd5 22. Bf6+ Ng7 23. Bxg7+ Kxg7 0-1

[Event "2020 Gustafson Memorial, S02087"]
[Site "CCLA"]
[Date "2020.10.24"]
[Round "?"]
[White "Sanchez, David A."]
[Black "Acebo, Brian"]
[Result "0-1"]
[WhiteElo "1453"]
[BlackElo "1402"]

1. d4 d5 2. c4 dxc4 3. Nf3 Nf6 4. e3 b5 5. b3 cxb3 6. Qxb3 a6 7. Bd3 e6 8.
 Nc3 Bd6 9. e4 Be7 10. Bf4 Bb7 11. Rc1 O-O 12. O-O Nbd7 13. e5 Ne8 14. Ne4
h6 15. g4 Rc8 16. Qd1 Bxe4 17. Bxe4 Nb6 18. Kh1 f5 19. gxf5 exf5 20. Bb7 
Rb8 21. Bxa6 Nd5 22. Qd2 Rb6 23. Bxb5 Rxb5 24. Bxh6 gxh6 25. Qxh6 Rb6 26. 
Rg1+ Kf7 27. Qg6+ Rxg6 0-1

[Event "2020 Gustafson Memorial, S02087"]
[Site "CCLA"]
[Date "2020.10.24"]
[Round "?"]
[White "Acebo, Brian"]
[Black "Nurmi, Ronald"]
[Result "0-1"]
[WhiteElo "1402"]
[BlackElo "1395"]

1. e4 c6 2. d4 d5 3. Nc3 dxe4 4. Nxe4 Bf5 5. Ng3 Bg6 6. Be3 Nf6 7. Nf3 e6 
8. Bd3 Nbd7 9. Bxg6 hxg6 10. Qd2 Bd6 11. O-O-O Qc7 12. a3 Nd5 13. h3 Bxg3 
14. fxg3 Qxg3 15. Rhg1 Nxe3 16. Qxe3 O-O-O 17. Qe1 Qf4+ 18. Kb1 Nb6 19. 
Qf2 Nd5 20. Rd2 Rhe8 21. Re1 Qd6 22. g3 f6 23. c3 Rd7 24. Rde2 Rde7 25. 
Kc2 Kb8 26. Nd2 g5 27. b4 a6 28. Ne4 Qd7 29. Nc5 Qc8 30. Qf3 Nc7 31. a4 
Ka7 32. g4 Kb8 33. Kb3 Ka7 34. Qd3 Qd8 35. Qc4 Qd5 36. Qxd5 cxd5 37. Nd3 
g6 38. Nf2 f5 39. gxf5 gxf5 40. Nd3 Rh8 41. Nf2 Kb8 42. Kc2 Kc8 43. Rg1 
Rg7 44. Re3 Rhg8 45. Reg3 Ne8 46. Kd2 Kd7 47. Ke2 b6 48. Kd3 Kd6 49. c4 
dxc4+ 50. Kxc4 Rc7+ 51. Kd3 Rcg7 52. Nd1 Nf6 53. Nc3 Nh5 54. Rf3 Nf4+ 55. 
Kc4 Rc7+ 56. Kb3 Rcg7 57. Rf2 Nxh3 0-1

[Event "2020 Gustafson Memorial, S02087"]
[Site "CCLA"]
[Date "2020.10.24"]
[Round "?"]
[White "Acebo, Brian"]
[Black "Sanchez, David A."]
[Result "0-1"]
[WhiteElo "1402"]
[BlackElo "1453"]

1. e4 c6 2. d4 d5 3. Nc3 dxe4 4. Nxe4 Nd7 5. Nf3 Ngf6 6. Bc4 Nxe4 7. Qe2 
e6 8. a3 Ndf6 9. Bf4 Nd6 10. Bb3 Be7 11. O-O-O b5 12. h3 a5 13. g4 a4 14. 
Ba2 Nd5 15. Bg3 Qa5 16. Qe5 O-O 17. Qe2 b4 18. axb4 Nxb4 19. Bb1 Nb5 20. 
Qd2 a3 21. Qe3 axb2+ 22. Kxb2 Qa3+ 23. Qxa3 Rxa3 24. Kc1 Rxf3 25. Rd2 Bg5 
0-1

[Event "2020 Gustafson Memorial, S02088"]
[Site "CCLA"]
[Date "2020.10.24"]
[Round "?"]
[White "Harris, Jarrod"]
[Black "Hodgkins, Neil C."]
[Result "1-0"]
[WhiteElo "1455"]
[BlackElo "1364"]

1. Nf3 d5 2. d4 Bf5 3. e3 Nc6 4. c3 Nf6 5. Bd3 Bg4 6. Nbd2 e6 7. O-O Bd6 
8. Qc2 Qe7 9. Re1 O-O-O 10. e4 dxe4 11. Bxe4 Nxe4 12. Qxe4 f5 13. Qd3 Rhe8
14. d5 Ne5 15. Nxe5 Bxe5 16. Rxe5 Rxd5 17. Rxd5 exd5 18. Nf3 Bxf3 19. gxf3
Qf7 20. Bf4 c6 21. Qd4 b6 22. b4 g6 23. Rc1 Kb7 24. c4 Re2 25. cxd5 Qxd5 
26. Qg7+ Ka6 27. Bb8 Qxa2 28. Ra1 Qxa1+ 29. Qxa1+ Kb5 30. Qf1 1-0

[Event "2020 Gustafson Memorial, S02088"]
[Site "CCLA"]
[Date "2020.10.24"]
[Round "?"]
[White "Harris, Jarrod"]
[Black "Cangelosi, Dominic"]
[Result "1/2-1/2"]
[WhiteElo "1455"]
[BlackElo "1425"]

1. Nf3 d5 2. d4 Bf5 3. e3 e6 4. Bd3 Bg6 5. O-O Nf6 6. c3 Bd6 7. Qc2 Nbd7 
8. Nbd2 Ne4 9. Nxe4 Bxe4 10. Bxe4 dxe4 11. Qxe4 c6 12. Qg4 Qf6 13. e4 e5 
14. Bg5 Qe6 15. Qxe6+ fxe6 16. dxe5 Nxe5 17. Nxe5 Bxe5 18. f4 Bd6 19. e5 
Be7 20. Bxe7 Kxe7 21. Rad1 Rhf8 22. Rd2 Rf5 23. g4 Rf7 24. Kg2 Raf8 25. 
Rfd1 Rxf4 26. Rd7+ Ke8 27. Rxg7 Rf2+ 28. Kg1 Rxb2 29. Rdd7 Rff2 30. Rge7+ 
Kf8 31. Rxh7 Ke8 32. Rxb7 Rxb7 33. Rxb7 Rxa2 34. g5 Kf8 35. g6 Ra5 36. Kg2
Rxe5 37. Rxa7 Rg5+ 38. Kf3 Rxg6 39. Ra6 e5 40. Ke4 Re6 41. Ra5 Kf7 1/2-1/2

[Event "2020 Gustafson Memorial, S02088"]
[Site "CCLA"]
[Date "2020.10.24"]
[Round "?"]
[White "Harris, Jarrod"]
[Black "Acosta, Errol"]
[Result "1-0"]
[WhiteElo "1455"]
[BlackElo "1375"]

1. Nf3 e6 2. d4 d5 3. e3 c5 4. c3 Nc6 5. Qc2 f5 6. Bd3 Nf6 7. O-O g6 8. 
Nbd2 Bg7 9. dxc5 O-O 10. b4 a6 11. Bb2 Bd7 12. Nd4 Qe8 13. N2f3 Bc8 14. 
Nxc6 Qxc6 15. Ne5 Qe8 16. c4 dxc4 17. Bxc4 Nd5 18. a3 f4 19. Bxd5 exd5 20.
 exf4 Rxf4 21. Nd3 Rf8 22. Qb3 Qf7 23. Bxg7 Kxg7 24. Ne5 Qf6 25. Rae1 Be6 
26. Nf3 Rad8 27. b5 d4 28. Qxe6 Qxe6 29. Rxe6 d3 30. Re7+ Kg8 31. Rxb7 d2 
32. Rd1 Rfe8 33. Kf1 Rd3 34. c6 axb5 35. c7 Rc3 36. Rb8 Kf8 37. Rxe8+ Kxe8
38. Rxd2 Rxc7 39. Rb2 Ra7 40. Rb3 Ra5 41. Nd4 Kd7 42. Rxb5 Rxa3 43. Rb7+ 
Kd6 44. Nb5+ 1-0

[Event "2020 Gustafson Memorial, S02088"]
[Site "CCLA"]
[Date "2020.10.24"]
[Round "?"]
[White "Hodgkins, Neil C."]
[Black "Harris, Jarrod"]
[Result "0-1"]
[WhiteElo "1364"]
[BlackElo "1455"]

1. e4 e6 2. d4 d5 3. Nc3 Bb4 4. Nf3 dxe4 5. Ne5 Nf6 6. Bd2 Qxd4 7. Nc4 O-O
8. Ne3 a6 9. a3 Ba5 10. Be2 Bd7 11. O-O c5 12. f3 exf3 13. Bxf3 Bc6 14. 
Rb1 Bxf3 15. Rxf3 Nc6 16. Kh1 Rad8 17. Be1 Qe5 18. Nc4 Rxd1 19. Nxe5 Rxb1 
20. Nxb1 Nxe5 21. Bxa5 Nxf3 22. gxf3 Nd5 23. c4 b6 24. Bd2 Nf6 25. a4 Rd8 
26. Kg2 Rd4 27. Kg3 Rxc4 28. b3 Rc2 29. Bc3 Nd5 30. Be5 f6 31. Bb8 Rb2 32.
 Na3 Rxb3 33. Nc4 Rb4 34. Nd6 Rxa4 35. Ne4 c4 36. Nf2 c3 0-1

[Event "2020 Gustafson Memorial, S02088"]
[Site "CCLA"]
[Date "2020.10.24"]
[Round "?"]
[White "Cangelosi, Dominic"]
[Black "Harris, Jarrod"]
[Result "0-1"]
[WhiteElo "1425"]
[BlackElo "1455"]

1. d4 d6 2. c4 Nf6 3. Nc3 g6 4. e4 Bg7 5. f4 O-O 6. Nf3 Nbd7 7. d5 c5 8. 
e5 dxe5 9. fxe5 Ng4 10. Be2 Ngxe5 11. O-O Nxf3+ 12. Rxf3 Ne5 13. Rh3 Bxh3 
0-1

[Event "2020 Gustafson Memorial, S02088"]
[Site "CCLA"]
[Date "2020.10.24"]
[Round "?"]
[White "Acosta, Errol"]
[Black "Harris, Jarrod"]
[Result "1-0"]
[WhiteElo "1375"]
[BlackElo "1455"]

1. e4 e6 2. f4 d5 3. exd5 Qxd5 4. d4 Nf6 5. Nc3 Bb4 6. Nf3 Ne4 7. Qd3 O-O 
8. a3 Nxc3 9. bxc3 Be7 10. c4 Qd7 11. Bb2 b6 12. Be2 Bb7 13. O-O Bf6 14. 
Ne5 Nc6 15. Nxd7 1-0

[Event "2020 Gustafson Memorial, S02088"]
[Site "CCLA"]
[Date "2020.10.24"]
[Round "?"]
[White "Hodgkins, Neil C."]
[Black "Acosta, Errol"]
[Result "0-1"]
[WhiteElo "1364"]
[BlackElo "1375"]

1. e4 e6 2. d4 d5 3. Nc3 Nf6 4. Bd3 c5 5. Nf3 c4 6. Be2 Bb4 7. a3 Ba5 8. 
O-O O-O 9. Bd2 h6 10. exd5 exd5 11. Ne5 Nc6 12. Nxc6 bxc6 13. Be3 Bxc3 14.
 bxc3 Rb8 15. Rb1 Rxb1 16. Qxb1 Ba6 17. Bf3 Ne4 18. Bxe4 dxe4 19. Re1 Qd5 
20. Rf1 f5 21. f3 exf3 22. Rxf3 g5 23. h3 f4 24. Bd2 Re8 25. Qd1 Bb7 26. 
g3 c5 27. gxf4 Qxf3 28. Qxf3 Bxf3 29. fxg5 Re2 30. Bf4 hxg5 31. Bxg5 Rg2+ 
0-1

[Event "2020 Gustafson Memorial, S02088"]
[Site "CCLA"]
[Date "2020.10.24"]
[Round "?"]
[White "Cangelosi, Dominic"]
[Black "Hodgkins, Neil C."]
[Result "1-0"]
[WhiteElo "1425"]
[BlackElo "1364"]

1. d4 d5 2. c4 Nf6 3. Nc3 c5 4. Bg5 Bf5 5. Bxf6 gxf6 6. dxc5 Bg7 7. cxd5 
Nd7 8. b4 O-O 9. Nf3 Ne5 10. Nxe5 fxe5 11. e4 Bg6 12. Be2 f5 13. Bh5 Bxh5 
14. Qxh5 Qe8 15. Qg5 h6 16. Qd2 fxe4 17. Nxe4 Qg6 18. Ng3 Rad8 19. O-O e4 
20. Rae1 Rd7 21. Nxe4 Rf5 22. Nc3 Bxc3 23. Qxc3 Rfxd5 24. Re3 Kh7 25. Qe1 
Qf7 26. Qb1+ Qg6 27. Qxg6+ Kxg6 28. h4 h5 29. g3 Rd2 30. a3 Kf5 31. Rfe1 
Rd1 32. Re5+ Kg6 33. Rxd1 Rxd1+ 34. Kg2 Rd7 35. c6 bxc6 36. Re6+ Kf7 37. 
Rxc6 e6 38. b5 e5 39. Rh6 Rd3 40. Rxh5 Kf6 41. f4 exf4 42. gxf4 Rxa3 43. 
Rg5 Ra2+ 44. Kg3 Ra3+ 45. Kg4 Rb3 46. h5 Rb1 47. h6 Rh1 48. Rh5 Rg1+ 49. 
Kf3 Rf1+ 50. Kg2 Rxf4 51. h7 Kg7 52. h8=Q+ 1-0

[Event "2020 Gustafson Memorial, S02088"]
[Site "CCLA"]
[Date "2020.10.24"]
[Round "?"]
[White "Cangelosi, Dominic"]
[Black "Acosta, Errol"]
[Result "1-0"]
[WhiteElo "1425"]
[BlackElo "1375"]

1. d4 e6 2. c4 d5 3. Nc3 Nf6 4. Bg5 Be7 5. Bxf6 Bxf6 6. e3 c5 7. Bd3 O-O 
8. Nf3 dxc4 9. Bxc4 Nc6 10. Qc2 h6 11. O-O Bd7 12. Rad1 cxd4 13. exd4 Qc7 
14. Qe4 g6 15. d5 exd5 16. Nxd5 Qd8 17. Nxf6+ Qxf6 18. Rxd7 Rae8 19. Bxf7+
Rxf7 20. Qxe8+ Rf8 21. Qe3 g5 22. Qe4 Qf5 23. Qxf5 Rxf5 24. Nd4 Nxd4 25. 
Rxd4 Kg7 26. Rd7+ 1-0

[Event "2020 Gustafson Memorial, S02088"]
[Site "CCLA"]
[Date "2020.10.24"]
[Round "?"]
[White "Acosta, Errol"]
[Black "Hodgkins, Neil C."]
[Result "0-1"]
[WhiteElo "1375"]
[BlackElo "1364"]

1. e4 e5 2. f4 Nc6 3. Nf3 d6 4. Bc4 Nf6 5. O-O Bg4 6. Nc3 exf4 7. d4 Be7 
8. Bxf4 O-O 9. a3 Re8 10. Qd3 a6 11. Rae1 b5 12. Bb3 Nd7 13. Ne2 Bf6 14. 
h3 Bh5 15. d5 Nce5 16. Nxe5 Nxe5 17. Bxe5 Bxe2 18. Qxe2 Bxe5 19. Qh5 Rf8 
20. c3 g6 21. Qg4 a5 22. Bc2 b4 23. Ba4 bxc3 24. bxc3 Bxc3 25. Re2 Qe7 26.
 Kh1 h5 27. Qf3 Bd4 28. Rb1 Rab8 29. Bb5 Be5 30. a4 f5 31. exf5 Rxf5 32. 
Qd3 Rbf8 33. Kg1 Qf7 34. Ree1 Qf6 35. Rbc1 Rf7 36. Qc2 Bd4+ 37. Kh1 Be5 
38. Qc6 Qd8 39. Rcd1 Rf2 40. Qe8+ Qxe8 41. Bxe8 R7f6 42. Bc6 h4 43. Kg1 g5
44. Rb1 R2f4 45. Red1 g4 46. hxg4 Rxg4 47. Rd2 h3 48. Rb8+ Kg7 49. Bd7 h2+
50. Kh1 Rf1# 0-1

[Event "2020 Gustafson Memorial, S02088"]
[Site "CCLA"]
[Date "2020.10.24"]
[Round "?"]
[White "Acosta, Errol"]
[Black "Cangelosi, Dominic"]
[Result "0-1"]
[WhiteElo "1375"]
[BlackElo "1425"]

1. e4 c6 2. f4 d5 3. Nf3 e6 4. exd5 cxd5 5. d4 Bd6 6. c3 Nd7 7. Bd3 f5 8. 
O-O Ngf6 9. Na3 Ne4 10. Ne5 Nxe5 11. fxe5 Bxa3 12. bxa3 O-O 13. Qh5 Nxc3 
14. g4 Qb6 15. Be3 Qd8 16. g5 g6 17. Qh6 Ne4 18. Rac1 Qe7 19. h4 Ng3 20. 
Rf2 Qxa3 21. Rc7 Rf7 22. Rxf7 Kxf7 23. Qxh7+ Kf8 24. Qh8+ Kf7 25. Qf6+ Ke8
26. Qxg6+ Kd8 27. Qg8+ Kd7 28. Rc2 Qxd3 29. Qf7+ Kd8 30. Qc7+ Ke8 31. Bf2 
Nh5 32. g6 Bd7 33. Rc1 Rc8 34. Qxc8+ Bxc8 35. Rxc8+ Kd7 36. Rh8 Qd1+ 37. 
Kg2 Nf4+ 0-1

[Event "2020 Gustafson Memorial, S02089"]
[Site "CCLA"]
[Date "2020.10.24"]
[Round "?"]
[White "Cangelosi, Dominic"]
[Black "Taylor, Ronald D."]
[Result "0-1"]
[WhiteElo "1406"]
[BlackElo "1375"]

1. d4 Nf6 2. c4 g6 3. Nc3 d5 4. Bg5 Bg7 5. Nf3 dxc4 6. Qa4+ Nc6 7. d5 Nxd5
8. Rd1 Bxc3+ 9. bxc3 O-O 10. Qxc4 Nb6 11. Qh4 Bd7 12. Bh6 Re8 13. Ng5 e5 
14. e3 Qf6 15. Bd3 e4 16. Bxe4 Qxc3+ 17. Ke2 Qf6 18. Bf8 h5 19. Bf3 Rxf8 
20. g4 Ne5 21. Bxb7 Rab8 22. gxh5 Rxb7 23. hxg6 Qxg6 24. h3 Bb5+ 25. Ke1 
Kg7 26. Qf4 Qf6 27. Qe4 Qg6 28. Qxb7 Qc2 29. Rd2 Nd3+ 0-1

[Event "2020 Gustafson Memorial, S02089"]
[Site "CCLA"]
[Date "2020.10.24"]
[Round "?"]
[White "Cangelosi, Dominic"]
[Black "Berger, Byron"]
[Result "1-0"]
[WhiteElo "1406"]
[BlackElo "1296"]

1. d4 d5 2. c4 e6 3. Nc3 c5 4. Nf3 cxd4 5. Nxd4 e5 6. Nf3 d4 7. Nd5 Nc6 8.
 e4 Nf6 9. Bg5 Be7 10. Nxe7 Qxe7 11. Bd3 Qb4+ 12. Nd2 Qxb2 13. O-O Nb4 14.
 Bxf6 gxf6 15. Nb3 Nxd3 16. Qxd3 Qa3 17. f4 Qa6 18. f5 Ke7 19. Nc5 Qc6 20.
 Nb3 b6 21. Rf3 Ba6 22. Nd2 Rac8 23. Qa3+ 1-0

[Event "2020 Gustafson Memorial, S02089"]
[Site "CCLA"]
[Date "2020.10.24"]
[Round "?"]
[White "Cangelosi, Dominic"]
[Black "Ritzmann, Andrew M."]
[Result "1-0"]
[WhiteElo "1406"]
[BlackElo "1248"]

1. d4 d5 2. c4 e6 3. Nc3 Nf6 4. Bg5 Be7 5. cxd5 exd5 6. e3 O-O 7. Bd3 Bg4 
8. Nf3 Nc6 9. Qc2 Nb4 10. Qd2 h6 11. h3 Bxf3 12. Bxf6 Bxf6 13. gxf3 Re8 
14. Bb5 c6 15. Ba4 Bh4 16. O-O-O Qg5 17. Rhg1 Qh5 18. Rg4 b5 19. Bb3 a5 
20. a3 Be7 21. Rdg1 g5 22. Ne2 Qg6 23. Nf4 Qh7 24. Bc2 Na2+ 25. Kb1 Qg7 
26. Kxa2 b4 27. a4 Rec8 28. Nh5 Qf8 29. Qd3 f6 30. Qh7# 1-0

[Event "2020 Gustafson Memorial, S02089"]
[Site "CCLA"]
[Date "2020.10.24"]
[Round "?"]
[White "Taylor, Ronald D."]
[Black "Cangelosi, Dominic"]
[Result "0-1"]
[WhiteElo "1375"]
[BlackElo "1406"]

1. d4 f5 2. g3 e6 3. Nf3 Nf6 4. Bg2 d5 5. O-O Nbd7 6. c4 c6 7. b3 Bd6 8. 
Nc3 O-O 9. Bb2 Ne4 10. c5 Bc7 11. Rb1 Ba5 12. Nxe4 fxe4 13. Nd2 Nf6 14. 
Qc2 Bc7 15. b4 Qe8 16. Bc3 Qh5 17. e3 Ng4 18. h3 Bxg3 19. Qd1 Bh2+ 20. Kh1
Rxf2 0-1

[Event "2020 Gustafson Memorial, S02089"]
[Site "CCLA"]
[Date "2020.10.24"]
[Round "?"]
[White "Taylor, Ronald D."]
[Black "Berger, Byron"]
[Result "1-0"]
[WhiteElo "1375"]
[BlackElo "1296"]

1. d4 e6 2. c4 d5 3. Nc3 c5 4. cxd5 exd5 5. Nf3 Nc6 6. g3 Nf6 7. Bg2 Be7 
8. O-O O-O 9. b3 Be6 10. Bb2 Rc8 11. Rc1 b6 12. e3 Ne4 13. Nxe4 dxe4 14. 
Nd2 f5 15. dxc5 Bxc5 16. Nc4 Bxc4 17. Rxc4 Nb4 18. Qxd8 Rfxd8 19. Rfc1 Nd3
20. R1c2 Rd7 21. Rd2 a5 22. Bf1 Rcd8 23. Bxd3 Rxd3 24. Rxd3 Rxd3 25. Bd4 
Rd2 26. Bxc5 bxc5 27. Rxc5 Rxa2 28. Rxf5 a4 29. bxa4 Rxa4 30. Rf4 h6 31. 
Kg2 g5 32. Rg4 Kf7 33. h4 Kf6 34. f4 exf3+ 35. Kxf3 Rxg4 36. Kxg4 gxh4 37.
 gxh4 1-0